00760nam a2200181 a 450000100100000000500170001000800410002704000250006808200150009311001030010824500530021126000360026430000200030004900090032095201130032995201190044299900170056100001417020230308115615.0091207s1999 dr 000 0 spa d aDO-SdBNPbspacBNPHU axxxbA627e1 aRepública Dominicana.bComisionado de Apoyo a la Reforma y Modernización de la Justicia91717910aAnteproyecto de estatuto del Misterio Público. aSanto Domingo :bBúho,c1999. a61 p. ;c27 cm. aBNPD 0010718PDaPDbPDcCTd2009-12-07iLF1l0oxxx A627ep14170-10r2020-06-25w2020-06-25yLFPDZNo se presta 0010718PDaPDbPDcCTd2009-12-07iLF1l0oxxx A627ep14170-20r2020-06-25te. 2w2020-06-25yLFPDZNo se presta c13771d13771